| 000 | 01062nam a2200265 a 4500 | ||
|---|---|---|---|
| 001 | BRCA_5365 | ||
| 005 | 20190320205040.0 | ||
| 008 | 081210s1936----gw-a######---#000-0#ger-# | ||
| 041 | _ager | ||
| 044 | _agw | ||
| 050 | 4 |
_aNK2529 _b.G63 1936 |
|
| 100 | 1 |
_aGobiet, Armand _913731 |
|
| 245 | 1 | 0 |
_aImportant pieces of English furniture of the 17th and 18th centuries = Bedeutende englische möbel des 18. jarhunderts _bpaintings, drawings, English mezzotints, works of art of the 17th and 18th centuries = Gemälde, Handzeichnungen, englische Farbstiche , kunstgewerbe des 17. und 18. Jarhunderts _cArmand Gobiet. |
| 260 |
_aBerlín _bHermann-Göring-Strabe _c1936 |
||
| 300 |
_a92 p. _bil. _c31 cm. |
||
| 500 | _aTexto en inglés y alemán | ||
| 500 | _aEn cubierta Adelph Terrace tomada de un impreso de Thomas Malton (1795) | ||
| 500 | _aEstado físico: Encuadernación deteriorada | ||
| 500 | _aE110 | ||
| 650 | 1 | 4 |
_aMuebles ingleses _99632 |
| 650 | 1 | 4 |
_aPinturas inglesas _913732 |
| 650 | 1 | 4 |
_aArte _zInglaterra _913733 |
| 902 | _aGFM | ||
| 942 |
_2lcc _cB |
||
| 999 |
_c5059 _d5059 |
||